Statystyki dla 5 losowych krajów na mapie świata w 15 sekund

Kliknij tutaj aby rozwiązać quiz!

Ogólne statystyki

  • Ten quiz został rozwiązany 238 razy
  • Średni wynik to 3 z 5

Odpowiedzi na mapie

Odpowiedzi skodowane kolorowo w zielono-czerwonej skali na mapie do tego quizu, zgodnie z poniższymi procentami.
 

Statystyki odpowiedzi

kraj% Poprawnych
Algieria
100%
Andora
100%
Angola
100%
Arabia Saudyjska
100%
Argentyna
100%
Australia
100%
Austria
100%
Bahamy
100%
Benin
100%
Białoruś
100%
Botswana
100%
Brazylia
100%
Bułgaria
100%
Chiny
100%
Czechy
100%
Dania
100%
Demokratyczna Republika Konga
100%
Ekwador
100%
Etiopia
100%
Filipiny
100%
Finlandia
100%
Francja
100%
Gambia
100%
Grecja
100%
Gwatemala
100%
Hiszpania
100%
Honduras
100%
Indie
100%
Irak
100%
Irlandia
100%
Islandia
100%
Japonia
100%
Jemen
100%
Kanada
100%
Kenia
100%
Kolumbia
100%
Korea Południowa
100%
Kosowo
100%
Liechtenstein
100%
Litwa
100%
Łotwa
100%
Madagaskar
100%
Mali
100%
Malta
100%
Maroko
100%
Mikronezja
100%
Monako
100%
Niemcy
100%
Nigeria
100%
Norwegia
100%
Nowa Zelandia
100%
Pakistan
100%
Papua-Nowa Gwinea
100%
Peru
100%
Polska
100%
Republika Południowej Afryki
100%
Rosja
100%
Senegal
100%
Singapur
100%
Słowacja
100%
Somalia
100%
Sri Lanka
100%
Stany Zjednoczone
100%
Szwecja
100%
Togo
100%
Tunezja
100%
Turcja
100%
Vanuatu
100%
Węgry
100%
Wielka Brytania
100%
Włochy
100%
Zimbabwe
100%
Chorwacja
75%
Erytrea
67%
Fidżi
67%
Gujana
67%
Oman
67%
Tajwan
67%
Cypr
60%
Armenia
50%
Azerbejdżan
50%
Chile
50%
Czad
50%
Dżibuti
50%
Indonezja
50%
Kambodża
50%
Malawi
50%
Nepal
50%
Niger
50%
Panama
50%
Paragwaj
50%
Portugalia
50%
Serbia
50%
Sudan
50%
Tadżykistan
50%
Uzbekistan
50%
Wenezuela
50%
Wybrzeże Kości Słoniowej
50%
Dominika
33%
Dominikana
33%
Macedonia Północna
33%
San Marino
33%
Tajlandia
33%
Tonga
33%
Turkmenistan
33%
Urugwaj
33%
Boliwia
25%
Słowenia
25%
Watykan
25%
Afganistan
0%
Albania
0%
Antigua i Barbuda
0%
Bahrajn
0%
Bangladesz
0%
Barbados
0%
Belgia
0%
Belize
0%
Bhutan
0%
Bośnia i Hercegowina
0%
Brunei
0%
Burkina Faso
0%
Burundi
0%
Czarnogóra
0%
Egipt
0%
Estonia
0%
Eswatini
0%
Gabon
0%
Ghana
0%
Grenada
0%
Gruzja
0%
Gwinea
0%
Gwinea Bissau
0%
Gwinea Równikowa
0%
Haiti
0%
Holandia
0%
Iran
0%
Izrael
0%
Jamajka
0%
Jordania
0%
Kamerun
0%
Katar
0%
Kazachstan
0%
Kirgistan
0%
Kiribati
0%
Komory
0%
Kongo
0%
Korea Północna
0%
Kostaryka
0%
Kuba
0%
Kuwejt
0%
Laos
0%
Lesotho
0%
Liban
0%
Liberia
0%
Libia
0%
Luksemburg
0%
Malediwy
0%
Malezja
0%
Mauretania
0%
Mauritius
0%
Meksyk
0%
Mjanma
0%
Mołdawia
0%
Mongolia
0%
Mozambik
0%
Namibia
0%
Nauru
0%
Nikaragua
0%
Palau
0%
Republika Środkowoafrykańska
0%
Republika Zielonego Przylądka
0%
Rumunia
0%
Rwanda
0%
Saint Kitts i Nevis
0%
Saint Lucia
0%
Saint Vincent i Grenadyny
0%
Salwador
0%
Samoa
0%
Seszele
0%
Sierra Leone
0%
Sudan Południowy
0%
Surinam
0%
Syria
0%
Szwajcaria
0%
Tanzania
0%
Timor Wschodni
0%
Trynidad i Tobago
0%
Tuvalu
0%
Uganda
0%
Ukraina
0%
Wietnam
0%
Wyspy Marshalla
0%
Wyspy Salomona
0%
Wyspy Świętego Tomasza i Książeca
0%
Zambia
0%
Zjednoczone Emiraty Arabskie
0%

Rozkład punktacji

Percentyl według liczby udzielonych odpowiedzi

Procent ludzi z każdym wynikiem

Twoja historia wyników

Nie rozwiązałeś tego quizu